Data insights : (رقم التسجيلة. 32906)
[ عرض عادي ]
| 000 -الفاتح | |
|---|---|
| حقل البيانات ثابتة الطول | 01264cam a2200313 i 4500 |
| 001 - رقم الضبط | |
| رقم الضبط | 17536547 |
| 003 - محدد رقم الضبط | |
| رقم الضبط | OSt |
| 005 - وقت وتاريخ اخر تعامل مع التسجيلة | |
| رقم الضبط | 20150408114200.0 |
| 008 - عناصر البيانات ثابتة الطول - معلومات عامة | |
| حقل البيانات ثابتة الطول | 121120t20132013ne a b 001 0 eng |
| 010 ## - رقم ضبط مكتبة الكونجرس | |
| رقم ضبط مكتبة الكونجرس | 2012033482 |
| 020 ## - الرقم الدولى المعيارى للكتب | |
| الرقم الدولى المعيارى للكتاب | 9780123877932 |
| 020 ## - الرقم الدولى المعيارى للكتب | |
| الرقم الدولى المعيارى للكتاب | 0123877938 |
| 040 ## - مصدر الفهرسة | |
| وكالة الفهرسة الأصلية | DLC |
| لغة الفهرسة | eng |
| وكالة النسخ | DLC |
| قواعد الوصف | rda |
| وكالة التعديل | DLC |
| 042 ## - رمز التحقق | |
| رمز التحقق | pcc |
| 050 00 - رقم طلب مكتبة الكونجرس | |
| رقم التصنيف | QA76.9.D35 |
| رقم المادة | W48 2013 |
| 082 00 - رقم تصنيف ديوى العشرى | |
| رقم التصنيف | 006.312 |
| رقم الطبعة | 23 |
| رقم المادة | WHD |
| 100 1# - المدخل الرئيسى - إسم شخصى | |
| الإسم الشخصى | Whitney, Hunter. |
| 9 (RLIN) | 41510 |
| 245 10 - بيان العنوان | |
| العنوان | Data insights : |
| بقية العنوان | new ways to visualize and make sense of data / |
| بيان المسئوليه,etc | Hunter Whitney. |
| 300 ## - الوصف المادى | |
| التعداد | ix, 310 pages : |
| تفاصيل ماديه اخرى للوعاء | illustrations (some color) ; |
| أبعاد الوعاء | 24 cm |
| 504 ## - تبصرة ببليوجرافية | |
| تبصرة ببليوجرافية,الخ | Includes bibliographical references (pages 297-301) and index. |
| 505 0# - تبصرة محتويات-الفهرس | |
| تبصرة المحتويات المصاغة | From terabytes to insights -- A more beautiful question -- Winning combinations -- Pathways, purposes, and points of view -- Views you can use -- Thinking . . . machines -- Hindsight, foresight, and insight. |
| 650 #0 - المدخل الاضافى بالموضوع-مصطلح موضوعى | |
| مصطلح موضوعي أو اسم جغرافي كعنصر مدخل | Information visualization. |
| 9 (RLIN) | 39567 |
| 650 #0 - المدخل الاضافى بالموضوع-مصطلح موضوعى | |
| مصطلح موضوعي أو اسم جغرافي كعنصر مدخل | Data structures (Computer science) |
| 650 #0 - المدخل الاضافى بالموضوع-مصطلح موضوعى | |
| مصطلح موضوعي أو اسم جغرافي كعنصر مدخل | information organization. |
| 9 (RLIN) | 41511 |
| 650 #0 - المدخل الاضافى بالموضوع-مصطلح موضوعى | |
| مصطلح موضوعي أو اسم جغرافي كعنصر مدخل | Data mining. |
| 906 ## - عنصر بيانات محلى F, LDF (RLIN) | |
| a | 7 |
| b | cbc |
| c | orignew |
| d | 1 |
| e | ecip |
| f | 20 |
| g | y-gencatlg |
| 942 ## - عناصر المدخل الإضافي( كوها) | |
| مصدر التصنيف او مخطط الترفيف | Dewey Decimal Classification |
| Koha [default] item type | كتاب |
| حالة الفقد | نموذج السعر الفعال | حالة تلف | ليس للاعارة | رقم الطلب | تاريخ الاكتساب | الموقع الحالي | الفرع الرئيسي | Date last seen | نوع المادة فى نظام كوها | مصدر التصنيف او خطة الترفيف | Total Checkouts |
|---|---|---|---|---|---|---|---|---|---|---|---|
| 2014-01-06 | 006.312 WHD | 2014-01-06 | المكتبة المركزية بالمجمعة (CL) | المكتبة المركزية بالمجمعة (CL) | 2014-01-06 | كتاب | Dewey Decimal Classification |
